000 00537nam a2200205Ia 4500
003 GCL
008 140319s9999 xx 000 0 eng d
040 _aGCL /
_cGCL
082 0 4 _a910.202
_bP L
100 1 _aPORTMAN, IAN
245 1 0 _aLOXOUR GUIDE DES TEMPLES A TOMBEAUX DE THEBAS /
_cPORTMAN, IAN
260 _a[S.N] :
_bTHE AMERICAN UNIVERSITY IN CAIRO PRESS ،
_c1989
300 _a96
650 0 4 _aWORLD TRAVEL GUIDES
650 0 4 _aLOUXOR
650 0 4 _aEGYPT
650 0 4 _aTEMPLES
650 0 4 _aTOMBEAUX
942 _2ddc
_cBK
999 _c13500
_d13500